Cuestiones agrarias y campesinado

Furkejuvvon:
Bibliográfalaš dieđut
Váldodahkki: Adames Mayorga, Enoch
Materiálatiipa: Texto
Almmustuhtton: Universidad de Panamá
Fáddágilkorat: Lasit fáddágilkoriid
Eai fáddágilkorat, Lasit vuosttaš fáddágilkora!

MARC

LEADER 00000 a a2200000 04500
001 23211
003
040
090 |a 160500  
100 |a Adames Mayorga, Enoch  
245 |a Cuestiones agrarias y campesinado  
260 |a Universidad de Panamá  
300 |a 111 p   |b **no definido**  
999 |c 13351  |d 13351